LEADER 00997nam0 2200289 450 001 000023364 005 20090220132006.0 010 $a88-453-0907-X 100 $a20090220d1999----km-y0itay50------ba 101 0 $aita 102 $aIT 105 $ay-------001yy 200 1 $a<>sport tra agonismo, business e spettacolo$fGianfranco Piantoni 210 $aMilano$cEtas$d1999 215 $a257 p.$d22 cm 225 2 $aEconomia della cultura e dell'informazione 410 0$12001$aEconomia della cultura e dell'informazione 500 10$a<>sport tra agonismo, business e spettacolo$946219 610 1 $aSport$aAspetti economici e sociali 610 1 $aSport$aAspetti economici 676 $a796$v19$9Sport e giochi atletici e all'aperto 700 1$aPiantoni,$bGianfranco$089040 801 0$aIT$bUNIPARTHENOPE$c20090220$gRICA$2UNIMARC 912 $a000023364 951 $a635/12$b9146$cNAVA2$d2009 996 $aSport tra agonismo, business e spettacolo$946219 997 $aUNIPARTHENOPE